| 000 | 00893nam a22002537a 4500 | ||
|---|---|---|---|
| 005 | 20240530110916.0 | ||
| 008 | 220221s2008 ua c g b 000 0 ara d | ||
| 017 |
_bمصر. دار الكتب _a5033 |
||
| 020 | _a9770523852 | ||
| 040 |
_aEG-CaGPL _cEG-CaGPL |
||
| 082 | 0 | 4 |
_221 _a331.137 / _bس م |
| 100 | 0 | _aسيد عاشور احمد | |
| 245 | 1 | 0 |
_aمشكلة البطالة ومواجهتها فى الوطن العربى / _cسيد عاشور احمد |
| 250 | _aط.1 | ||
| 260 |
_aالقاهرة : _bمكتبة الانجلو المصرية ، _c2008 |
||
| 300 |
_a208 ص؛ _c24 سم |
||
| 650 | 0 | 7 |
_aالبطالة _2qrmak |
| 650 | 0 | 7 |
_aالبطالة _zالوطن العربى |
| 650 | 0 | 7 |
_aالبطالة _zمصر |
| 650 | 0 | 7 |
_aالمشروعات الصغيرة _2qrmak |
| 650 | 0 | 7 |
_aالشباب _2qrmak |
| 942 |
_2ddc _cBK |
||
| 999 |
_c66401 _d66401 |
||